Gaussian domination in a quantum system of linear oscillators
Sparad:
| Huvudupphovsmän: | , |
|---|---|
| Materialtyp: | Bok |
| Språk: | engelska |
| Publicerad: |
La Serena
Universidad de La Serena
1999
|
| Ämnen: | |
| Taggar: |
Lägg till en tagg
Inga taggar, Lägg till första taggen!
|
MARC
| LEADER | 00000nam a2200000 a 4500 | ||
|---|---|---|---|
| 001 | UCP6020 | ||
| 003 | CL-VaPUC | ||
| 008 | 991008e19990000CL |||||||||||||||||eng|d | ||
| 082 | 0 | 4 | |a 515.724 |b COR |2 21 |
| 100 | 0 | |a Corgini, M |e author |9 434787 | |
| 700 | 0 | |a Sankovich, D. P |e author |9 434788 | |
| 245 | 1 | 0 | |a Gaussian domination in a quantum system of linear oscillators |
| 300 | |a 5 h | ||
| 942 | |c BK | ||
| 945 | |d 19991008 00:00:00 |a rbrito | ||
| 260 | |a La Serena |b Universidad de La Serena |c 1999 | ||
| 650 | 7 | |a MEDIDAS GAUSSIANAS |2 CL-VaPUC |9 424862 | |
| 583 | |a last modification |c 19991008 00:00:00 |k Rodrigo Vera | ||
| 999 | |c 283653 |d 283651 | ||
| 952 | |0 0 |1 0 |4 0 |6 515_724000000000000_COR_1999 |7 0 |8 A |9 326985 |a BIBMAT |b BIBMAT |d 2019-11-20 |i 3566757 |o 515.724 COR 1999 |p 3566757 |r 2025-01-07 |w 2019-11-20 |y BK |k MAT | ||